South America Quiz - Statistics

General Stats
  • This quiz has been taken 19 times
  • The average score is 13 of 15
Answers on the Map
Answers color-coded by a green-red scale on the quiz's map according to % correct below.
 
Answer Stats
Answer % Correct
Brazil
100%
Chile
100%
Guyana
100%
Venezuela
100%
Argentina
94%
Bolivia
94%
Ecuador
94%
Falkland Islands
94%
Colombia
88%
Paraguay
88%
Peru
88%
Uruguay
81%
French Guiana
75%
Panama
69%
Suriname
63%
No matching quizzes found
Score Distribution
Percent of People with Each Score
Percentile by Number Answered
Your Score History
You have not taken this quiz